00270 a2200109 4500001000700000020000600007040001100013100003800024240004700062245004200109362000900151165398 a  cMagnum aLevenfus, Rosane Schotgues Et Al.10aPsicodinamica da escolha profissionallpor10aPsicodinamica da escolha profissional0 a1899